| 000 | 00749cam a2200277 4500 | ||
|---|---|---|---|
| 008 | 090401t1995 xxu||||| |||| 00| 0 eng d | ||
| 020 | _a1860810136 | ||
| 035 | _a(Sirsi) u58610 | ||
| 041 | _aeng | ||
| 050 | _a690.25 | ||
| 100 | _aHunter, C.A. | ||
| 245 | _aControl of biological growths on stone. | ||
| 260 |
_aGarston, Watford _bBuilding Research Establishment _c1995 |
||
| 300 | _a(4)p. : ill. ; 30cm. | ||
| 350 | _a0 | ||
| 490 |
_aBRE Information Paper _v11/95 |
||
| 650 | _aBIOCIDES | ||
| 650 | _aBIOLOGICAL GROWTHS | ||
| 650 | _aPLANTS | ||
| 650 | _aSTONEWORK | ||
| 690 | _aBUILT ENVIRONMENT-BUILDING PATHOLOGY | ||
| 700 | _aBerry, R.W. | ||
| 710 | _aBuilding Research Establishment | ||
| 942 | _n0 | ||
| 948 | _c04/03/1997 | ||
| 999 |
_c94083 _d94083 |
||